Estatísticas para Cultura Geral

Clique aqui para jogar o quiz

Estatísticas Gerais

  • Esse quiz foi jogado 9 vezes
  • A pontuação média é 5 de 15

Estatísticas das Respostas

HintResposta% Correto
Quem é o atual rei do Reino Unido?Carlos III
71%
Que ilha abrange a maior parte do Reino Unido?Grã-bretanha
57%
Que nome damos a uma pessoa muito rica?Milionário
57%
Em que país podemos encontrar a sede da empresa Magnavox?Reino Unido
57%
Que nome damos ao exame de rastreio por imagem, que tem como finalidade estudar o tecido mamário?Mamografia
43%
Que nome damos á perda de uma embarcação que sofreu um acidente, afundando ou ficando presa em recifes ou baixios?Náufragio
43%
Que nome damos ao ato que consiste em uma pessoa matar a outra?Homicídio
29%
Quem é a atual primeira-ministra do Reino Unido?Liz Truss
29%
Que nome damos a uma pessoa abandonada à deriva ou em terra firme?Náufrago
29%
Qual é o estado mais populoso dos EUA?Califórnia
14%
Que ramo da astronomia estuda a origem, estrutura e evolução do Universo a partir da aplicação de métodos científicos?Cosmologia
14%
Que nome damos á conspiração entre um grupo de indivíduos para se opor, mudar ou derrubar uma autoridade legal?Motim
14%
Que nome damos a um telefone com grande capacidade de processamento de dados?Smartphone
14%
Que nome damos á união de estados soberanos ligados por tratado?Confederação
0%
Que nome damos a uma coleção antiga de itens preciosos?Tesouro
0%

Distribuição das Pontuações

Percentil de Números Respondidos

Porcentagem de Pessoas com Cada Pontuação

Sua Pontuação Histórica

Você não jogou esse quiz